Những lời khuyên học sinh Đại học

Сохранить в:
Библиографические подробности
Главный автор: P G Grudinski
Формат:
Язык:Undetermined
Опубликовано: Hà Nội Thanh Niên 1980
Предметы:
Метки: Добавить метку
Нет меток, Требуется 1-ая метка записи!
Thư viện lưu trữ: Trung tâm Học liệu Trường Đại học Cần Thơ
LEADER 00518nam a2200169Ia 4500
001 CTU_17278
008 210402s9999 xx 000 0 und d
082 |a 371.8 
082 |b G885 
100 |a P G Grudinski 
245 0 |a Những lời khuyên học sinh Đại học 
245 0 |c P G Grudinski, M G Trilikin, P A Yonkin; Dịch giả: Hải Long 
260 |a Hà Nội 
260 |b Thanh Niên 
260 |c 1980 
650 |a study, method of 
980 |a Trung tâm Học liệu Trường Đại học Cần Thơ